000 00717nam a2200217 a 4500
008 120416s1973 ||||||||||||||||| || u
020 _a0130012556
050 _aHF 5661 LIP
100 _aDerrick, Lucile, 1905-
245 1 0 _aAccountant's handbook of formulas and tables
250 _a2nd ed.
260 _aEnglewood Cliffs, N. J.
_bFT Prentice-Hall
_c[1973]
300 _axviii, 487 pages
350 _a0.00
650 _aInterest - Tables
650 0 _aBUSINESS
650 0 _aBUSINESS MATHEMATICS--TABLES
700 _aLipkin, Lawrence
700 _aFeinstein, Irwin K
995 _D0.00
_FCBU-MAIN LIBRARY (Kitwe)
_H1
_I0.00
_M1
_UREFERENCE
_ZReference Collection
999 _c33286
_d33286